NBA Finals Loosers Starters - Statistics

General Stats
  • This quiz has been taken 342 times
  • The average score is 79 of 134
Answer Stats
Player % Correct
Jimmy Butler
98%
Kevin Durant
98%
LeBron James
98%
Stephen Curry
98%
Draymond Green
97%
Klay Thompson
97%
Tristan Thompson
97%
Danny Green
96%
Devin Booker
96%
Dwyane Wade
96%
Jaylen Brown
96%
Jayson Tatum
96%
Mark West
96%
Russell Westbrook
96%
Chris Bosh
95%
Kevin Garnett
95%
Kobe Bryant
95%
Kyrie Irving
95%
Paul Pierce
95%
Tim Duncan
95%
Tony Parker
95%
Bam Adebayo
94%
Shaquille O'Neal
93%
Kevin Love
92%
Ray Allen
92%
Dirk Nowitzki
91%
Chris Paul
90%
Dwight Howard
90%
Josh Howard
90%
J.R. Smith
90%
Jason Kidd
89%
Charles Smith
88%
John Stockton
88%
Karl Malone
88%
Kawhi Leonard
88%
Allen Iverson
87%
Rajon Rondo
87%
Tyler Herro
87%
Al Horford
86%
Deandre Ayton
86%
Magic Johnson
86%
Pau Gasol
85%
Ben Wallace
84%
Rasheed Wallace
84%
Reggie Miller
84%
Chauncey Billups
82%
Patrick Ewing
82%
Ervin Johnson
81%
Kevin Johnson
81%
Larry Johnson
81%
Robert Williams
80%
Aaron Williams
79%
Buck Williams
79%
Gary Payton
79%
Andre Iguodala
77%
Clyde Drexler
77%
Marcus Smart
77%
Kendrick Perkins
75%
Sam Perkins
75%
Charles Barkley
74%
Serge Ibaka
74%
Derek Fisher
70%
Mario Chalmers
69%
Mikal Bridges
69%
Penny Hardaway
69%
Shawn Kemp
69%
Duncan Robinson
67%
James Worthy
61%
Zydrunas Ilgauskas
61%
Andrew Bogut
60%
Harrison Barnes
58%
Richard Hamilton
58%
Dikembe Mutombo
57%
Kenyon Martin
57%
Gabe Vincent
50%
Matthew Dellavedova
48%
Demarcus Cousins
47%
Max Strus
47%
Tayshaun Prince
46%
Jae Crowder
44%
Richard Jefferson
44%
George Hill
43%
Mark Jackson
43%
Tyrone Hill
43%
Jason Terry
41%
Lamar Odom
40%
Dale Davis
38%
Nick Anderson
37%
Hedo Turkoglu
36%
Horace Grant
36%
Tiago Splitter
36%
Detlef Schrempf
34%
Rashard Lewis
34%
Thabo Sefolosha
34%
John Starks
33%
Jumaine Jones
33%
Iman Shumpert
32%
Jeff Hornacek
32%
Charles Oakley
31%
Joel Anthony
31%
Latrell Sprewell
31%
Rik Smits
31%
Jalen Rose
30%
Allan Houston
29%
Dennis Scott
29%
Terry Porter
29%
Vlade Divac
28%
Derek Harper
26%
Bryon Russell
25%
Timofey Mozgov
25%
Courtney Lee
22%
Devean George
21%
Kevin Duckworth
19%
Marcus Camby
19%
Aaron McKie
18%
Drew Gooden
17%
Kerry Kittles
16%
Dan Majerle
15%
Greg Ostertag
15%
Daniel Gibson
14%
Rafer Alston
14%
Sasha Pavlovic
14%
Charlie Ward
13%
Hersey Hawkins
13%
Jason Collins
13%
Jerome Kersey
10%
Vladimir Radmanovic
9%
DeSagana Diop
8%
Josh Powell
8%
Todd MacCulloch
7%
Richard Dumas
6%
Adam Keefe
3%
Terry Teagle
3%
No matching quizzes found
Score Distribution
Percent of People with Each Score
Percentile by Number Answered
Your Score History
You have not taken this quiz